| 000 | 00385nam a22001337a 4500 | ||
|---|---|---|---|
| 005 | 20250708135238.0 | ||
| 008 | 250708b |||||||| |||| 00| 0 eng d | ||
| 050 |
_aREF KSK 961 .K46 2012 _bC.1 |
||
| 100 | _aREPUBLIC OF KENYA | ||
| 245 | _aLAWS OF KENYA : CO-OPERATIVE SOCIETIES ACT - CHAPTER 490 | ||
| 260 |
_aNAIROBI _bGOVERNMENT PRINTER _c2012 |
||
| 300 | _a81P. | ||
| 942 |
_2lcc _cREF |
||
| 999 |
_c215854 _d215854 |
||